[Event "TCh-NED Meesterklasse 2011-12"]
[Site "Netherlands NED"]
[Date "2012.02.11"]
[Round "6.5"]
[White "Van der Weide,K"]
[Black "Rau,U"]
[Result "1-0"]
[WhiteElo "2449"]
[BlackElo "2174"]

1.e4 c5 2.Nf3 d6 3.d4 cxd4 4.Nxd4 Nf6 5.Nc3 a6 6.g3 b5 7.Bg2 Bb7 8.O-O Nbd7
9.Re1 e6 10.a4 b4 11.Na2 a5 12.c3 Nc5 13.cxb4 axb4 14.Nxb4 Qb6 15.Nd3 Be7
16.Be3 O-O  1-0

[Event "TCh-NED Meesterklasse 2011-12"]
[Site "Netherlands NED"]
[Date "2012.02.11"]
[Round "6.2"]
[White "Okkes,M"]
[Black "Burg,T"]
[Result "1/2-1/2"]
[WhiteElo "2386"]
[BlackElo "2462"]

1.e4 c5 2.Nf3 d6 3.d4 cxd4 4.Nxd4 Nf6 5.Nc3 a6 6.g3 e5 7.Nb3 Be7 8.Bg2 b5
9.Nd5 Nxd5 10.Qxd5 Ra7 11.Be3 Be6 12.Qd2 Rd7 13.O-O O-O 14.Rfd1 Qc7 15.a4 Rc8
16.axb5 axb5 17.Na5 Nc6 18.Rdc1 Bd8 19.Nxc6 Qxc6 20.b3 Rdc7 21.Qb4 Be7 22.Bf1 Rb7
23.Qa5 Qd7 24.c4 bxc4 25.Bxc4 h6 26.Bd5 Rxc1+ 27.Rxc1 Qb5 28.Qxb5 Rxb5 29.Bc4 Rb7
30.Ra1 Rc7 31.Ra7 Rxa7 32.Bxa7 Bxc4 33.bxc4 h5 34.h3 g6 35.g4 hxg4 36.hxg4 Kg7
37.Kg2  1/2-1/2

[Event "3rd Novy Bor Open"]
[Site "Novy Bor CZE"]
[Date "2012.02.15"]
[Round "5"]
[White "Simacek,P"]
[Black "Chudinovskikh,A"]
[Result "1-0"]
[WhiteElo "2438"]
[BlackElo "2276"]

1.e4 c5 2.Nf3 d6 3.d4 cxd4 4.Nxd4 Nf6 5.Nc3 a6 6.g3 Bg4 7.f3 Bd7 8.g4 h6
9.Be3 Nc6 10.Qd2 Ne5 11.O-O-O b5 12.Bd3 b4 13.Nce2 d5 14.exd5 Nxd3+ 15.Qxd3 Nxd5
16.Nf4 Nxf4 17.Bxf4 e6 18.Be5 h5 19.Qe4 Rh6 20.Bf4 Rg6 21.Nc6 Qc8 22.Ne5 Ra7
23.Nxg6 Bc6 24.Qe3 Ba4 25.b3 Bc5 26.Qe5 fxg6 27.bxa4 b3 28.axb3 Ba3+ 29.Kb1  1-0

[Event "PriFO Champ RUS 2012"]
[Site "Tolyatti RUS"]
[Date "2012.02.29"]
[Round "3.17"]
[White "Kozionov,Kirill"]
[Black "Gerasimov,I"]
[Result "1-0"]
[WhiteElo "2209"]
[BlackElo "2333"]

1.e4 c5 2.Nf3 d6 3.d4 cxd4 4.Nxd4 Nf6 5.Nc3 a6 6.g3 e6 7.Bg2 Be7 8.O-O Qc7
9.a4 Nc6 10.Nb3 Na5 11.Nxa5 Qxa5 12.Be3 O-O 13.f4 Bd7 14.g4 h5 15.h3 hxg4
16.hxg4 Bc6 17.g5 Nh7 18.Qe1 Qd8 19.Rf3 f5 20.Rh3 g6 21.Qh4 Rf7 22.Qh6 Qf8
23.Qxg6+ Qg7 24.Qxe6 Nf8 25.Qc4  1-0

[Event "PriFO Champ RUS 2012"]
[Site "Tolyatti RUS"]
[Date "2012.03.03"]
[Round "7.15"]
[White "Bronnikov,K1"]
[Black "Karpeshov,O"]
[Result "1-0"]
[WhiteElo "2256"]
[BlackElo "2384"]

1.e4 c5 2.Nf3 d6 3.d4 cxd4 4.Nxd4 Nf6 5.Nc3 a6 6.g3 e5 7.Nb3 Be7 8.Bg2 O-O
9.O-O Be6 10.Re1 Nbd7 11.a4 Rc8 12.Nd2 Bg4 13.Bf3 Bxf3 14.Qxf3 Nc5 15.Nf1 Ne6
16.Ne3 Nd4 17.Qd1 Qd7 18.Kg2 b5 19.axb5 axb5 20.Qd3 Qb7 21.f3 Rfd8 22.Bd2 b4
23.Ncd5 Nxd5 24.exd5 Bg5 25.f4 Bf6 26.Ra4 b3 27.c3 exf4 28.gxf4 Nc2 29.Nxc2 bxc2
30.Rb4 Qd7 31.f5 Rc5 32.c4 Rdc8 33.Be3 Ra5 34.Re2 Re8 35.Qxc2 Qe7 36.Bf4 Be5
37.Bg3 Qg5 38.Rb3 Raa8 39.Rf3 h5 40.h4 Qf6 41.Rfe3  1-0

[Event "83rd ch-GER 2012"]
[Site "Osterburg GER"]
[Date "2012.03.07"]
[Round "6"]
[White "Mueller,Oli"]
[Black "Meissner,F"]
[Result "1-0"]
[WhiteElo "2327"]
[BlackElo "2258"]

1.e4 c5 2.Nf3 d6 3.d4 cxd4 4.Nxd4 Nf6 5.Nc3 a6 6.g3 e5 7.Nb3 Be7 8.Bg2 O-O
9.O-O Qc7 10.Bg5 Nbd7 11.a4 b6 12.Re1 Bb7 13.Nd2 Rac8 14.Nf1 Rfe8 15.Ne3 h6
16.Bxf6 Nxf6 17.Qf3 Qc5 18.h4 Qb4 19.Ra3 Bxe4 20.Qe2 Bxg2 21.Kxg2 Qa5 22.Rd1 Bf8
23.Ncd5 Nxd5 24.Nxd5 Qc5 25.Rc3 Qa5 26.Nf6+ Kh8 27.Nxe8 Rxe8 28.Qc4 b5 29.Qxf7 Qd8
30.axb5 axb5 31.Rc7 Be7 32.Ra7 Bf6 33.Rxd6 Qxd6 34.Qxe8+ Kh7 35.Qd7 Qc5 36.Rc7 Qb4
37.Qf5+  1-0

[Event "4th Coral Colon IM"]
[Site "Sabadell ESP"]
[Date "2012.03.09"]
[Round "5"]
[White "Tallo Dominguez,I"]
[Black "Colon Garcia,E"]
[Result "0-1"]
[WhiteElo "2170"]
[BlackElo "2308"]

1.e4 c5 2.Nf3 d6 3.d4 cxd4 4.Nxd4 Nf6 5.Nc3 a6 6.g3 e5 7.Nb3 Be7 8.a4 Nc6
9.Bg2 Nb4 10.O-O Bg4 11.Qd2 Rc8 12.a5 Bd7 13.Qd1 d5 14.f4 d4 15.fxe5 dxc3
16.exf6 Bxf6 17.e5 Be7 18.bxc3 Rxc3 19.Bd2 Rxc2 20.Bxb7 Qc7 21.Be4 Rc4 22.Qf3 O-O
23.Rac1 Be6 24.Kh1 Qxe5 25.Rxc4 Bxc4 26.Re1 f5 27.Bb7 Qf6 28.Bc3 Qf7 29.Nd4 Nd5
30.Ne6 Nxc3 31.Nxf8 Bxf8 32.Bc6 Ne4 33.g4 Bd5 34.Bxd5 Qxd5 35.gxf5 Ng3+  0-1

[Event "6th Agzamov Memorial"]
[Site "Tashkent UZB"]
[Date "2012.03.13"]
[Round "8"]
[White "Galyamov,V"]
[Black "Alikulov,Elbek"]
[Result "1-0"]
[WhiteElo "2198"]
[BlackElo "2283"]

1.e4 c5 2.Nf3 d6 3.Nc3 Nf6 4.d4 cxd4 5.Nxd4 a6 6.g3 e5 7.Nde2 Be6 8.Bg2 Nbd7
9.O-O Be7 10.h3 O-O 11.a4 Rc8 12.b3 Qc7 13.Ra2 Rfe8 14.Be3 h5 15.f4 exf4
16.gxf4 Nf8 17.f5 Bd7 18.Bd4 Qd8 19.Nf4 Bc6 20.Ncd5 Bxd5 21.exd5 h4 22.c4 N6d7
23.Bxg7 Kxg7 24.Qg4+ Kh8 25.Qh5+ Kg8 26.Be4 Bg5 27.Rg2 f6 28.Ne6 Rxe6 29.fxe6 Ne5
30.Rxg5+ fxg5 31.Rxf8+ Kxf8 32.Qh8+ Ke7 33.Qg7+ Ke8 34.Bg6+  1-0

[Event "European Ind w Rapid 2012"]
[Site "Gaziantep TUR"]
[Date "2012.03.15"]
[Round "1"]
[White "Kovanova,B"]
[Black "Dzagnidze,N"]
[Result "0-1"]
[WhiteElo "2392"]
[BlackElo "2559"]

1.e4 c5 2.Nf3 d6 3.d4 cxd4 4.Nxd4 Nf6 5.Nc3 a6 6.g3 e5 7.Nde2 Be7 8.a4 Nbd7
9.Bg2 b6 10.h3 h5 11.Bg5 Bb7 12.h4 Rc8 13.O-O O-O 14.Qd2 Rc4 15.b3 Rc7 16.Rac1 Qa8
17.Nd5 Bxd5 18.exd5 b5 19.axb5 axb5 20.g4 Qd8 21.Bxf6 Nxf6 22.g5 Nd7 23.Ng3 g6
24.Ne4 Nc5 25.Nxc5 Rxc5 26.c4 bxc4 27.Rxc4 Rxc4 28.bxc4 f6 29.gxf6 Rxf6 30.Ra1 Rf4
31.Qd3 Kg7 32.Ra7 Kh6 33.c5 Bxh4 34.Ra2 dxc5 35.d6 Rd4 36.Qe3+ Qg5 37.Ra6 Rd1+
38.Kh2 Rd2 39.Qxg5+ Kxg5 40.Rc6 Bxf2 41.Be4 Kf4 42.Bxg6 h4 43.d7 Rxd7 44.Kh3 Rd1
45.Rf6+ Kg5 46.Re6 Bg3 47.Rc6 Rd2  0-1

[Event "13th EICC"]
[Site "Plovdiv BUL"]
[Date "2012.03.23"]
[Round "4.137"]
[White "Ivanov,Al3"]
[Black "Bach,Ad"]
[Result "1-0"]
[WhiteElo "2424"]
[BlackElo "2264"]

1.e4 c5 2.Nf3 d6 3.d4 cxd4 4.Nxd4 Nf6 5.Nc3 a6 6.g3 e5 7.Nb3 Nbd7 8.Bg2 b5
9.a4 b4 10.Nd5 Nxd5 11.exd5 a5 12.O-O Be7 13.Bd2 Ba6 14.Re1 f5 15.c3 Rb8
16.cxb4 axb4 17.Qh5+ g6 18.Qh6 Kf7 19.Rac1 Nf6 20.Qe3 Bb7 21.Nd4 Qb6 22.Nxf5 Bxd5
23.Bxd5+ Nxd5 24.Qb3 gxf5 25.Qxd5+ Kf6 26.Rc6 Qd4 27.Qxd4 exd4 28.Rc7 Bd8
29.Rd7 Rb6 30.Bf4 Kg6 31.Bxd6 Bf6 32.Bc5 Ra6 33.Bxd4 Bxd4 34.Rxd4 Rxa4 35.Re6+ Kf7
36.Rb6  1-0

[Event "13th EICC"]
[Site "Plovdiv BUL"]
[Date "2012.03.23"]
[Round "4.157"]
[White "Berman,M"]
[Black "Ivanov,StojanL"]
[Result "0-1"]
[WhiteElo "2129"]
[BlackElo "2309"]

1.e4 c5 2.Nf3 d6 3.d4 cxd4 4.Nxd4 Nf6 5.Nc3 a6 6.g3 e5 7.Nde2 Be7 8.Bg2 O-O
9.O-O Be6 10.h3 Nbd7 11.Kh2 b5 12.a3 Nb6 13.f4 Rc8 14.f5 Bc4 15.Be3 Qc7 16.g4 d5
17.Bxb6 Qxb6 18.Nxd5 Nxd5 19.exd5 Qe3 20.Ng3 Bxf1 21.Nxf1 Qf2 22.Rc1 Bg5
23.Qe1 Qf4+  0-1

[Event "13th EICC"]
[Site "Plovdiv BUL"]
[Date "2012.03.25"]
[Round "6.151"]
[White "Barta,J"]
[Black "Ivanov,StojanL"]
[Result "1/2-1/2"]
[WhiteElo "2148"]
[BlackElo "2309"]

1.e4 c5 2.Nf3 d6 3.d4 cxd4 4.Nxd4 Nf6 5.Nc3 a6 6.g3 e5 7.Nb3 Be7 8.a4 O-O
9.Bg2 Be6 10.O-O Qc7 11.Re1 Nbd7 12.Nd2 Rac8 13.Nf1 Nb6 14.Ne3 g6 15.a5 Nc4
16.Ned5 Bxd5 17.Nxd5 Nxd5 18.Qxd5 Bd8 19.Bh3 Rb8 20.b4 b6 21.Bf1 b5 22.Bxc4 bxc4
23.c3 Rb5 24.Qd1 f5 25.Qe2 Bf6 26.f3 Qc6 27.Bh6 Rd8 28.g4 f4 29.Rad1 Rd7
30.g5 Bd8 31.Rd2 Rdb7 32.Red1 Bc7 33.Qg2 Bb8 34.Kf1 Kf7 35.Qg4 Qd7 36.Qxd7+ Rxd7
37.Rd5 Rxd5 38.Rxd5 Rb7 39.Ke2 Ke6 40.h4 Ba7 41.Kd1 Kd7 42.Kc2 Kc6 43.Bf8 Bb8
44.Kb2 Rb5 45.Rd1 Bc7 46.Kc2 d5 47.Bc5 dxe4 48.fxe4 Rb8 49.Be7 Re8 50.Bf6 Rb8
51.Rd5 Rb5 52.Rd1 Rb8 53.Rd5  1/2-1/2

[Event "13th EICC"]
[Site "Plovdiv BUL"]
[Date "2012.03.28"]
[Round "8.27"]
[White "Kryvoruchko,Y"]
[Black "Zhigalko,A"]
[Result "1-0"]
[WhiteElo "2666"]
[BlackElo "2590"]

1.e4 c5 2.Nf3 d6 3.d4 cxd4 4.Nxd4 Nf6 5.Nc3 a6 6.g3 e5 7.Nde2 Nbd7 8.Bg2 b5
9.O-O Be7 10.h3 Bb7 11.g4 b4 12.Nd5 Nxd5 13.exd5 O-O 14.Ng3 Re8 15.a3 a5
16.Be3 Bg5 17.Bxg5 Qxg5 18.axb4 axb4 19.Nf5 Ra6 20.Rxa6 Bxa6 21.Re1 Qf6 22.Qd2 Rb8
23.b3 g6 24.Ng3 Qf4 25.Qxf4 exf4 26.Ne4 Rb6 27.g5 Kg7 28.Ra1 h6 29.h4 hxg5
30.hxg5 Kf8 31.Bf1 Bb7 32.Bc4 Ke7 33.Kg2 Ne5 34.Rh1 Ba6 35.Rh8 Bxc4 36.bxc4 Nd7
37.Ra8 Rb7 38.Ra4 Nc5 39.Nxc5 dxc5 40.Kf3 b3 41.cxb3 Rxb3+ 42.Kxf4 Rb2 43.Ke3 Rc2
44.f4 Rc3+ 45.Ke4 Rc1 46.Ra7+ Kd6 47.Ra6+ Ke7 48.d6+ Ke6 49.d7+ Kxd7 50.Kd5 Rf1
51.Rf6 Ke7 52.Kxc5 Rc1 53.Kd5 Rd1+ 54.Kc6 Rb1 55.c5 Rc1 56.Kb6 Rb1+ 57.Kc7 Rb4
58.c6  1-0

[Event "European Senior Teams 2012"]
[Site "Rogaska Slatina SLO"]
[Date "2012.03.29"]
[Round "3.1"]
[White "Vasiukov,E"]
[Black "Tatai,S"]
[Result "1-0"]
[WhiteElo "2455"]
[BlackElo "2362"]

1.e4 c5 2.Nf3 d6 3.Nc3 a6 4.d4 cxd4 5.Nxd4 Nf6 6.g3 Bg4 7.f3 Bd7 8.g4 h6
9.Be3 Nc6 10.h4 Rc8 11.Rg1 g6 12.Qd2 Bg7 13.O-O-O h5 14.g5 Nh7 15.Nxc6 Rxc6
16.Nd5 O-O 17.Kb1 Be6 18.c4 Re8 19.Be2 Nf8 20.f4 Nd7 21.Qb4 Nc5 22.Bxc5 Rxc5
23.Rd2 Bxd5 24.Rxd5 Rc6 25.Rd2 Qc7 26.Rgd1 Rc8 27.e5 Rb6 28.Qa3 a5 29.Qe3 a4
30.Rd5 dxe5 31.fxe5 Re6 32.Qf3 Rxe5 33.Rd7 Qc6 34.Rd8+ Rxd8 35.Rxd8+ Bf8
36.Qxc6 bxc6 37.Bf3 c5 38.Bc6 Re1+ 39.Kc2 Re2+ 40.Kc3 a3 41.bxa3 Rxa2 42.a4 f5
43.Kb3 Ra1 44.Kb2 Re1 45.a5 Kf7 46.Be8+ Ke6 47.Bd7+ Kf7 48.Be8+ Ke6 49.Bd7+ Kf7
50.Rxf8+ Kxf8 51.a6 Re2+ 52.Kb3 Re3+ 53.Ka4 Re1 54.Ka5 Ra1+ 55.Ba4  1-0

[Event "ch-Urals Men 2012"]
[Site "Satka RUS"]
[Date "2012.03.29"]
[Round "6"]
[White "Matsenko,S"]
[Black "Savitskiy,S"]
[Result "0-1"]
[WhiteElo "2468"]
[BlackElo "2329"]

1.e4 c5 2.Nf3 d6 3.d4 cxd4 4.Nxd4 Nf6 5.Nc3 a6 6.g3 e5 7.Nb3 Be7 8.Bg2 Bg4
9.Qd3 O-O 10.O-O b5 11.Bg5 Nbd7 12.h3 Be6 13.Nd5 Nb6 14.f4 Bxd5 15.exd5 Nc4
16.fxe5 Nxe5 17.Qe2 Rc8 18.Bf4 Re8 19.Nd4 Qb6 20.c3 b4 21.Be3 bxc3 22.bxc3 Rxc3
23.Nf5 Qb5 24.Qxb5 axb5 25.Bd4 Rc2 26.Rfb1 g6 27.Nxe7+ Rxe7 28.Rxb5 Rd2 29.Bf2 Nd3
30.Bd4 Ne5 31.Bf2 Rc7 32.Be3 Re2 33.Bh6 Nfd7 34.Rab1 f6 35.R5b2 Rxb2 36.Rxb2 g5
37.Re2 Rc1+ 38.Kf2 Nc5 39.Bf3 Ncd3+ 40.Ke3 Rc3 41.Kd4 Ra3 42.Bh5 Nc5 43.Re3 Rxa2
44.h4 Rd2+  0-1

[Event "28th Budapest Spring Festival"]
[Site "Budapest HUN"]
[Date "2012.04.03"]
[Round "9.11"]
[White "Mester,A"]
[Black "Rodriguez Lopez,Ra"]
[Result "0-1"]
[WhiteElo "2104"]
[BlackElo "2266"]

1.e4 c5 2.Nf3 d6 3.d4 cxd4 4.Nxd4 Nf6 5.Nc3 a6 6.g3 Bd7 7.Bg2 Nc6 8.Nde2 e6
9.a4 Be7 10.O-O Rc8 11.h3 Qc7 12.g4 h6 13.Ng3 Ne5 14.f4 Nc4 15.Qe1 Nxb2 16.e5 Qxc3
17.Qxc3 Rxc3 18.exf6 Rxg3 19.fxg7 Rg8 20.Bxb2 Bc6 21.Rf2 f6 22.Kh2 Rxg2+
23.Rxg2 Bxg2 24.Kxg2 Rxg7 25.Re1 Kd7 26.Kf3 Rg8 27.Re3 Rc8 28.Bc3 Rc4 29.a5 e5
30.f5 d5 31.Be1 e4+ 32.Ke2 Rxc2+ 33.Kd1 Rb2 34.Bc3 Rb5 35.Re2 Bd8 36.h4 Ke8
37.Bd2 Rb1+ 38.Kc2 Rg1 39.Bxh6 Rxg4 40.Rh2 Bxa5 41.h5 Be1 42.Bd2 Bxd2 43.Kxd2 Kf7  0-1

[Event "Semana Santa LAB Open"]
[Site "Bogota COL"]
[Date "2012.04.06"]
[Round "5"]
[White "Dominguez,Mi"]
[Black "Rodriguez Rueda,P"]
[Result "0-1"]
[WhiteElo "2007"]
[BlackElo "2219"]

1.e4 c5 2.Nf3 d6 3.d4 cxd4 4.Nxd4 Nf6 5.Nc3 a6 6.g3 e5 7.Nb3 Be7 8.Bg2 b5
9.a4 b4 10.Nd5 Nxd5 11.exd5 a5 12.O-O O-O 13.Be3 Nd7 14.f4 Ba6 15.Re1 Rc8
16.fxe5 dxe5 17.Qd2 Bd6 18.g4 Qc7 19.Rac1 Bc4 20.Kh1 Rfe8 21.Bg1 e4 22.Nd4 Bf4
23.Be3 Bxh2 24.Nf5 Bd6 25.b3 Ba6 26.Bd4 Bf4 27.Be3 Bxe3 28.Rxe3 Nf6 29.d6 Qd7
30.Rh3 Nxg4 31.Qf4 Rc5 32.Ne7+ Rxe7 33.dxe7 h5 34.Re1 Bb7 35.Qb8+ Rc8 36.Qf4 g6
37.Bxe4 Nf2+ 38.Qxf2 Qxh3+ 39.Kg1 Qg4+ 40.Bg2 Re8 41.Re5 Bxg2 42.Qxg2 Qd4+  0-1

[Event "16th Neckar Open"]
[Site "Deizisau GER"]
[Date "2012.04.06"]
[Round "3.13"]
[White "Izrailev,A"]
[Black "Bischoff,K"]
[Result "0-1"]
[WhiteElo "2312"]
[BlackElo "2521"]

1.e4 c5 2.Nf3 d6 3.d4 Nf6 4.Nc3 cxd4 5.Nxd4 a6 6.g3 e5 7.Nb3 Be7 8.Bg2 Nbd7
9.O-O O-O 10.Kh1 b5 11.a4 b4 12.Nd5 Nxd5 13.Qxd5 Rb8 14.a5 Qc7 15.Qd3 Nf6
16.Be3 Bd7 17.Bb6 Qb7 18.Rfe1 Rfc8 19.Rac1 Be6 20.Kg1 Nd7 21.Be3 Nc5 22.Nxc5 dxc5
23.f4 c4 24.Qd1 Qc7 25.Qh5 Rb5 26.f5 Bd7 27.Rcd1 Be8 28.Qg4 f6 29.h4 Bc5
30.Bxc5 Qxc5+ 31.Kh2 Rxa5 32.h5 h6 33.Rd5 Qc7 34.Bf1 Bf7 35.Bxc4 Bxd5 36.Bxd5+ Kh8
37.Bb3 Rd8 38.Rd1 Rc5 39.Rxd8+ Qxd8 40.Qe2 Qd6 41.Bc4 a5 42.b3 Qd4 43.Bd3 Rc3
44.Qg4 Rxd3 45.cxd3 Qxd3 46.Qg6 Qxb3 47.Qe8+ Qg8 48.Qb5 Qa8 49.g4 Kh7 50.Kg3 Qxe4
51.Qxa5 Qf4+ 52.Kh3 Qf3+  0-1

[Event "Semana Santa LAB Open"]
[Site "Bogota COL"]
[Date "2012.04.07"]
[Round "7"]
[White "Dominguez,Mi"]
[Black "Rivera,I"]
[Result "1-0"]
[WhiteElo "2007"]
[BlackElo "2169"]

1.e4 c5 2.Nf3 d6 3.d4 cxd4 4.Nxd4 Nf6 5.Nc3 a6 6.g3 g6 7.Bg2 Bg7 8.O-O O-O
9.a4 Qc7 10.Bg5 Nbd7 11.Qd2 Re8 12.Rfe1 Rb8 13.Rad1 Nb6 14.b3 Bg4 15.Rc1 Rbc8
16.Nd5 Nbxd5 17.exd5 Qd7 18.c4 Bh3 19.Bh1 Ng4 20.Qd3 h6 21.Bd2 Ne5 22.Qe4 Qg4
23.f4 Nd7 24.Bf3 Bxd4+ 25.Kh1 Nc5 26.Bxg4 Nxe4 27.Bxh3 Nf2+ 28.Kg2 Rc7 29.Re2 Nxh3
30.Kxh3 Kg7 31.g4 Bf6 32.Rce1 b5 33.g5 hxg5 34.fxg5 Be5 35.Ba5 Rb7 36.axb5 axb5
37.c5 Rh8+ 38.Kg4 f5+ 39.gxf6+ exf6 40.c6 Ra7 41.Bb6 Ra3 42.Rxe5 dxe5 43.Re3 Ra6
44.Bc5 Rd8 45.c7 Rh8 46.d6 f5+ 47.Kf3 e4+ 48.Kf4 Kf7 49.d7 Raa8 50.Bb6 Rh4+
51.Ke5 f4 52.Rxe4 Rh5+ 53.Kxf4  1-0

[Event "Paskturneringen Open"]
[Site "Norrkoping SWE"]
[Date "2012.04.08"]
[Round "6"]
[White "Karlsson,T"]
[Black "Akesson,R"]
[Result "0-1"]
[WhiteElo "2235"]
[BlackElo "2415"]

1.e4 c5 2.Nf3 d6 3.d4 cxd4 4.Nxd4 Nf6 5.Nc3 a6 6.g3 e6 7.Bg2 Be7 8.O-O O-O
9.a4 Qc7 10.Nb3 Nc6 11.f4 b6 12.Qe2 Bb7 13.Be3 Nd7 14.Rfd1 Rac8 15.Qf2 Nc5
16.Nxc5 bxc5 17.Rab1 Rfd8 18.Ne2 Ba8 19.b3 Rb8 20.Qe1 Nb4 21.c3 Nc2 22.Qd2 Nxe3
23.Qxe3 Bc6 24.Qd3 d5 25.exd5 Bxd5 26.Bxd5 Rxd5 27.Qc2 Rxd1+ 28.Rxd1 Qb6
29.Kg2 Qb7+ 30.Kf2 h5 31.c4 h4 32.Rd3 Qh1 33.gxh4 Bxh4+ 34.Ke3 Qxh2 35.Qd1 e5
36.fxe5 Qxe5+ 37.Kf3 Re8  0-1

[Event "TCh-CZE Extraliga 2011-12"]
[Site "Czech Republic CZE"]
[Date "2012.04.22"]
[Round "11.2"]
[White "Tazbir,M"]
[Black "Kempinski,R"]
[Result "1/2-1/2"]
[WhiteElo "2520"]
[BlackElo "2604"]

1.e4 c5 2.Nf3 d6 3.d4 cxd4 4.Nxd4 Nf6 5.Nc3 a6 6.g3 Nc6 7.Bg2 Bd7 8.O-O e6
9.Re1 Be7 10.Nxc6 Bxc6 11.a4 O-O 12.Be3 Qc7 13.a5 Nd7 14.Na4 Rae8 15.Nb6 f5
16.Nxd7 Qxd7 17.Qd3 Bxe4 18.Bxe4 fxe4 19.Qxe4 Bf6 20.Bd4 Qf7 21.Rad1 d5 22.Qd3 Bxd4  1/2-1/2

[Event "ch-LAT 2012"]
[Site "Riga LAT"]
[Date "2012.05.03"]
[Round "7"]
[White "Berzinsh,R"]
[Black "Neiksans,A"]
[Result "1-0"]
[WhiteElo "2422"]
[BlackElo "2524"]

1.e4 c5 2.Nf3 d6 3.d4 cxd4 4.Nxd4 Nf6 5.Nc3 a6 6.g3 g6 7.Bg2 Bg7 8.O-O O-O
9.h3 e5 10.Nb3 Nc6 11.Be3 Be6 12.Qd2 a5 13.a4 Nb4 14.Rac1 Ra6 15.Rfd1 Qc8
16.Kh2 Rd8 17.Nc5 Rc6 18.Nxe6 fxe6 19.Nb5 Qd7 20.Qe2 Ra8 21.c3 Na6 22.Na7 Rc7
23.Nb5 Rc6 24.Rd2 b6 25.Rcd1 Ne8 26.Qd3 Qe7 27.Qb1 Nc5 28.Qa2 Rd8 29.b4 Na6
30.Qb3 Rdc8 31.Bf1 Bf8 32.Na7 Qxa7 33.Bxa6 Qxa6 34.Qxe6+ Kg7 35.b5 Qb7 36.bxc6 Qxc6
37.Rb1 Qc4 38.Qxc4 Rxc4 39.Ra2 Nf6 40.Bxb6 Nxe4 41.Bxa5 d5 42.Rd1 Bc5 43.f3 Nf6
44.Bd8 Rxc3 45.Bxf6+ Kxf6 46.Rxd5 Ke6 47.Rd8 Rxf3 48.a5 Rf7 49.a6 Ba7 50.Rdd2 Rf8
51.Rdb2 h5 52.Rb7 Bd4 53.h4 Kf5 54.a7 Ra8 55.Ra6 Ke4 56.Kg2 Kd3 57.Rxg6 Rxa7
58.Rxa7 Bxa7 59.Rg5 Bd4 60.Rxh5 e4 61.Rh7 Bc3 62.Re7 Bd2 63.Re8 Bc1 64.g4 Ke3
65.g5 Kf4 66.g6 Bb2 67.Rf8+  1-0

[Event "69th ch-GEO w"]
[Site "Anaklia GEO"]
[Date "2012.05.06"]
[Round "8.4"]
[White "Gvetadze,Sopi"]
[Black "Guramishvili,S"]
[Result "0-1"]
[WhiteElo "2334"]
[BlackElo "2395"]

1.e4 c5 2.Nf3 d6 3.d4 Nf6 4.Nc3 cxd4 5.Nxd4 a6 6.g3 e6 7.Bg2 Be7 8.O-O O-O
9.Be3 Qc7 10.Kh1 Nc6 11.f4 Bd7 12.Nb3 b5 13.a3 Bc8 14.g4 Bb7 15.g5 Nd7 16.Qh5 f5
17.Rf3 g6 18.Qh6 Rf7 19.Rh3 Nf8 20.Rg1 b4 21.axb4 Nxb4 22.exf5 Rxf5 23.Nd4 Rf7
24.f5 exf5 25.Bf4 Bxg2+ 26.Rxg2 Qc4 27.Nce2 Nd5 28.b3 Qb4 29.c3 Qb7 30.Qh4 a5
31.Rf3 a4 32.bxa4 Rxa4 33.Qf2 Nd7 34.h3 Nc5 35.Kh2 Ne4 36.Qe1 Nxf4 37.Nxf4 Bxg5
38.Nfe6 Bf6 39.Nxf5 Be5+ 40.Kg1 Kh8 41.Rxg6 Qb6+ 42.Kh1 hxg6 43.Ne7 Nf2+
44.Kg2 Rxe7 45.Rf8+ Kh7 46.Ng5+ Kg7 47.Rxf2 Qc6+ 48.Rf3 Ra2+ 49.Kf1 Qb5+  0-1

[Event "85th ch-St Petersburg"]
[Site "St Petersburg RUS"]
[Date "2012.05.10"]
[Round "6"]
[White "Malakhov,I"]
[Black "Popov,Val"]
[Result "1/2-1/2"]
[WhiteElo "2431"]
[BlackElo "2550"]

1.e4 c5 2.Nf3 d6 3.d4 cxd4 4.Nxd4 Nf6 5.Nc3 a6 6.g3 e6 7.Bg2 Be7 8.O-O Qc7
9.f4 Nc6 10.Be3 O-O 11.Kh1 Bd7 12.Nb3 b5 13.a3 h6 14.Qe2 Rab8 15.Rad1 b4
16.axb4 Nxb4 17.Nd4 Nc6 18.e5 dxe5 19.fxe5 Nh7 20.Qxa6 Nxe5 21.Bf4 Bg5 22.Bxe5 Qxe5
23.Nf3 Qc7 24.Nxg5 hxg5 25.Qd6 Qxd6 26.Rxd6 Bc8 27.b3 Bb7 28.Bxb7 Rxb7 29.Ne4 Rb5
30.Rd7 Re5 31.Nd6 Nf6 32.Ra7 Re3 33.Kg2 Rc3 34.Rf2 Ng4 35.Rfxf7 Rxc2+ 36.Kg1 Rc1+
37.Kg2 Rc2+ 38.Kg1 Rc1+ 39.Kg2 Rc2+ 40.Kg1 Rc1+  1/2-1/2

[Event "42nd Bosna Open B"]
[Site "Sarajevo BIH"]
[Date "2012.05.11"]
[Round "9.1"]
[White "Veleski,R"]
[Black "Hodzic,N"]
[Result "1/2-1/2"]
[WhiteElo "2262"]
[BlackElo "2263"]

1.e4 c5 2.Nf3 d6 3.d4 cxd4 4.Nxd4 Nf6 5.Nc3 a6 6.g3 e6 7.Bg2 Be7 8.O-O O-O
9.Re1 Qc7 10.h3 Nc6 11.Kh2 Bd7 12.f4 Nxd4 13.Qxd4 Bc6 14.Be3 Rad8 15.Rad1 Rfe8
16.a4 Qa5 17.Bf3 e5 18.Qb6 Qxb6 19.Bxb6 Rc8 20.Re2 exf4  1/2-1/2

[Event "ch-UZB Major 2012"]
[Site "Tashkent UZB"]
[Date "2012.05.17"]
[Round "1"]
[White "Galyamov,V"]
[Black "Nazhmeddinov,S"]
[Result "1/2-1/2"]
[WhiteElo "2237"]
[BlackElo "2246"]

1.e4 c5 2.Nf3 d6 3.d4 cxd4 4.Nxd4 Nf6 5.Nc3 a6 6.g3 e5 7.Nde2 Be6 8.Bg2 Be7
9.O-O Nbd7 10.h3 O-O 11.Be3 Rc8 12.g4 h6 13.Nd5 Bxd5 14.exd5 Qc7 15.Re1 Qa5
16.a3 Nb6 17.Bd2 Qb5 18.b3 Nh7 19.c4 Qd7 20.Ng3 Bg5 21.Nf5 Rce8 22.h4 Bxd2
23.Qxd2 Nc8 24.Be4 Ne7 25.f3 Nxf5 26.gxf5 Qe7 27.Qf2 Nf6 28.Kh2 Nh5 29.Rg1 Kh8
30.b4 Nf4 31.c5 Rc8  1/2-1/2

[Event "30th Liechtenstein Open 2012"]
[Site "Triesen LIE"]
[Date "2012.05.17"]
[Round "7.1"]
[White "Van der Weide,K"]
[Black "Bogner,S"]
[Result "1/2-1/2"]
[WhiteElo "2456"]
[BlackElo "2569"]

1.e4 c5 2.Nf3 d6 3.d4 cxd4 4.Nxd4 Nf6 5.Nc3 a6 6.g3 e5 7.Nde2 Nbd7 8.Bg2 b5
9.O-O Bb7 10.h3 h5 11.Be3 Be7 12.Qd2 Rc8 13.a4 b4 14.Nd5 a5 15.c3 Nxd5 16.exd5 Nc5
17.Bxc5 bxc3 18.Nxc3 Rxc5 19.Nb5 O-O 20.b4 axb4 21.Qxb4 Bxd5 22.Bxd5 Rxd5
23.a5 Qd7 24.Rfb1 Qxh3 25.a6 h4 26.Rb3 hxg3 27.Rxg3 Qd7 28.Rb3 Rc5 29.a7 Ra8
30.Qe4 Rcc8 31.Qd5 Qe6 32.Nc7 Qxd5 33.Nxd5 Bd8 34.Rb7 Kh7 35.Ra6 f5 36.Rxd6 Rc5
37.Rdd7 Kh6 38.Rb3 g6 39.Rh3+ Kg5 40.Rg3+ Kh6 41.Rd6 Kh5 42.Kg2 Ra5 43.Rgxg6 Rxd5
44.Rh6+ Kg5 45.f4+ Kxf4 46.Rxd5 Bg5 47.Ra6 Ke4 48.Raa5 Rxa7 49.Rxe5+ Kd4
50.Rad5+ Kc4 51.Rxf5 Be3 52.Rd1 Ra2+ 53.Kg3 Ra3 54.Rf7 Bc5+ 55.Kg4 Rd3 56.Rc1+ Rc3  1/2-1/2

[Event "TUR-ALG Friendship w 2012"]
[Site "Ankara TUR"]
[Date "2012.05.20"]
[Round "8"]
[White "Cemhan,K"]
[Black "Mazouz,Louiza"]
[Result "1-0"]
[WhiteElo "1941"]
[BlackElo "1667"]

1.e4 c5 2.Nf3 d6 3.d4 cxd4 4.Nxd4 Nf6 5.Nc3 a6 6.g3 e5 7.Nde2 Be6 8.Bg2 Nc6
9.O-O Be7 10.h3 O-O 11.a4 Rc8 12.g4 h6 13.Nd5 Bxd5 14.exd5 Nb8 15.Ng3 Re8
16.Nf5 Bf8 17.Ra3 Nbd7 18.h4 Nh7 19.Rh3 a5 20.c3 Rc4 21.g5 hxg5 22.hxg5 g6
23.b3 Rc8 24.Qg4 Nc5 25.Qh4 Bg7 26.Qxh7+  1-0

[Event "4th Rheinland-Pfalz Open 2012"]
[Site "Altenkirchen GER"]
[Date "2012.06.07"]
[Round "1.5"]
[White "Berelowitsch,A"]
[Black "Zens,Rolf"]
[Result "1-0"]
[WhiteElo "2584"]
[BlackElo "1845"]

1.e4 c5 2.Nf3 d6 3.d4 cxd4 4.Nxd4 Nf6 5.Nc3 a6 6.g3 e6 7.Bg2 Be7 8.O-O O-O
9.Re1 Qc7 10.a4 Nc6 11.b3 Bd7 12.Bb2 Nxd4 13.Qxd4 Bc6 14.Re2 Rfd8 15.Rae1 Bf8
16.Qd2 b5 17.Ra1 Rab8 18.axb5 axb5 19.Na2 e5 20.Nb4 Ra8 21.Nxc6 Qxc6 22.Ree1 Rxa1
23.Bxa1 Rc8 24.Re2 Qa6 25.Bc3 Be7 26.Qd3 Qc6 27.Bb4 Rb8 28.Rd2 Ne8 29.Bf1 Kf8
30.c3 Qa6 31.Qe2 Nc7 32.Qh5 Kg8 33.Qd1 Ne8 34.Rd5 Nc7 35.Bxd6 Nxd5 36.Bxb8 Nxc3
37.Qd7 Bf8 38.Bxe5 Nxe4 39.Qxb5 Qxb5 40.Bxb5 Nd2 41.Kg2 Nxb3 42.Bc4 Na5 43.Bd5 Bb4
44.g4 Kf8 45.g5 g6 46.Bf6 Ke8 47.h4 Bd6 48.Kh3 Bc7 49.Kg4 Bd6 50.h5 Kf8 51.h6 Ke8
52.Kf3 Bc5 53.Ke2 Bd6 54.f3 Bb4 55.f4 Bd6 56.Kf3 Bc7 57.Bc3 Bd8  1-0

[Event "Kuna Arandu Elite"]
[Site "Luque PAR"]
[Date "2012.06.12"]
[Round "8"]
[White "Lujan,C"]
[Black "Vera Gonzalez Quevedo,R"]
[Result "0-1"]
[WhiteElo "2367"]
[BlackElo "2489"]

1.e4 c5 2.Nf3 d6 3.d4 cxd4 4.Nxd4 Nf6 5.Nc3 a6 6.g3 e5 7.Nde2 Be7 8.Bg2 Nbd7
9.h3 b5 10.g4 b4 11.Nd5 Nxd5 12.exd5 a5 13.O-O h5 14.gxh5 Rxh5 15.Ng3 Rh7
16.f4 Qb6+ 17.Kh2 Nf6 18.Qf3 Qc5 19.Ne4 Qxc2 20.Nxf6+ Bxf6 21.Rf2 Qf5 22.Bd2 Kf8
23.fxe5 Bxe5+ 24.Bf4 Qxf4+ 25.Qxf4 Bxf4+ 26.Rxf4 Bd7 27.a3 bxa3 28.Rxa3 Rb8
29.Rxa5 Rxb2 30.Ra8+ Ke7 31.Ra3 Rh5 32.Rd4 Rg5 33.Rg3 Rxg3 34.Kxg3 Rb3+ 35.Kh2 f5
36.h4 Kf6 37.Rc4 Rb7 38.Kg3 Ke5 39.Rc2 f4+ 40.Kf2 Bg4 41.Rd2 g6 42.Bf3 Bxf3
43.Kxf3 Rb3+ 44.Kg2 Kf5 45.Kh2 Kg4  0-1

[Event "26th Pula Open"]
[Site "Pula CRO"]
[Date "2012.06.16"]
[Round "9.11"]
[White "Geirnaert,S"]
[Black "Guenthner,O"]
[Result "1-0"]
[WhiteElo "2412"]
[BlackElo "2261"]

1.e4 c5 2.Nf3 d6 3.d4 cxd4 4.Nxd4 Nf6 5.Nc3 a6 6.g3 Bg4 7.f3 Bd7 8.g4 e5
9.Nde2 Be6 10.g5 Nh5 11.Nd5 h6 12.Be3 Nd7 13.h4 hxg5 14.hxg5 Bxd5 15.exd5 Qa5+
16.Nc3 Rc8 17.Qd2 Nb6 18.Rh4 Rxc3 19.Bxb6 Qxb6 20.Qxc3 Be7 21.Rb4 Qa7 22.g6 Nf4
23.Qc8+ Bd8 24.gxf7+  1-0